000 01134nam a22002537a 4500
005 20081031141242.0
008 081031t xxu||||| |||| 00| 0 hin d
010 _aHIN-84590
020 _a9788190543309
_c150.00
035 _aHN-56936
037 _bDBAD / PUB
040 _aDPL
_bHN
082 _a425
100 _aशर्मा, रत्ना
245 _aहिन्दी व्याकरण /
_cरत्ना शर्मा
246 _aHindi vyaakarana
_bby Ratna Sharma
260 _aजयपुर
_bहस्तलिपि
_c2008
270 _aगीताजंलि अपार्टमेंट, 1926, नाटाियों का रास्ता
_bजयपुर
_e302003
_k9414068211
300 _a108पृ
_c22सेमी (सजिल्द)
650 _aहिन्दी भाषा
_xव्याकरण
650 _aHindi language
_xGrammar
942 _2ddc
_cHN
_mशर्मार
_h425
999 _c17368
_d17368